Az ICOM-CECA európai regionális konferenciájáról

Elmentve itt :
Bibliográfiai részletek
Szerző: Bezzeg Mária
Testületi szerző: Az európai múzeumi kommunikáció (1993) (Brüsszel)
Dokumentumtípus: Cikk
Megjelent: 1994
Sorozat:Iskolakultúra 4 No. 5
Kulcsszavak:Múzeumpedagógia, Konferencia - beszámoló
Online Access:http://misc.bibl.u-szeged.hu/44083
LEADER 00698nab a2200193 i 4500
001 misc44083
005 20191106141133.0
008 180917s1994 hu o 0|| zxx d
022 |a 1215-5233 
040 |a SZTE Miscellanea Repozitórium  |b hun 
041 |a zxx 
100 1 |a Bezzeg Mária 
245 1 3 |a Az ICOM-CECA európai regionális konferenciájáról  |h [elektronikus dokumentum] /  |c  Bezzeg Mária 
260 |c 1994 
300 |a 69-71 
490 0 |a Iskolakultúra  |v 4 No. 5 
695 |a Múzeumpedagógia, Konferencia - beszámoló 
710 |a Az európai múzeumi kommunikáció (1993) (Brüsszel) 
856 4 0 |u http://misc.bibl.u-szeged.hu/44083/1/iskolakultura_1994_005_069-071.pdf  |z Dokumentum-elérés